000 00525nam a2200217Ia 4500
008 210210b2012 xxu||||| |||| 00| 0 eng d
020 _a9781420060195
041 _aeng
082 _a539.6 SELN
100 _aSELLERS (Kathleen)
245 _aNanotechnology and the environment
260 _aLondon
_bCRC Press
_c2012
300 _axi,281
650 _athe
650 _aNanotechnology
650 _aenvironment
650 _aand
690 _aNanotechnology
700 _aMACKAY (Christopher)
906 _a068990
999 _c153111
_d153111